mysqli: Table './ulib62015/stat_globaluid' is marked as crashed and should be repaired
select id from stat_globaluid where statuid='20260517143330_2579'
mysqli: Table './ulib62015/stat_globaluid' is marked as crashed and should be repaired
DELETE FROM stat_globaluid
WHERE id NOT IN (
SELECT id
FROM (
SELECT id
FROM stat_globaluid
ORDER BY id DESC
LIMIT 100
) foo
);
mysqli: Table './ulib62015/stat_globaluid' is marked as crashed and should be repaired
insert into stat_globaluid set
statuid='20260517143330_2579',
dt='1779003210',
phpself='/ULIB62015/dublinfull.php',
agent='Mozilla/5.0 AppleWebKit/537.36 (KHTML, like Gecko; compatible; ClaudeBot/1.0; +claudebot@anthropic.com)',
yea='2026',
mon='5',
dat='17',
ip='216.73.216.45'
mysqli: Table './ulib62015/stathist_viewbib_bib_type' is marked as crashed and should be repaired
insert into stathist_viewbib_bib_type set
dat='17' ,
mon='05' ,
yea='2026' ,
statuid='20260517143330_2579' ,
head='13399107716' ,
foot='marc' ,
dt='1779003210'
| LEADER : 00000nam 2200000uu 4500 |
| 001 13399107716 |
| 003 ULIB |
| 008 101021s||||||||th 000 0 tha d |
| 020 ^a974-13-2552-5
|
| 082 0 ^aZ 1003.5.T5^bพ983
|
| 100 0 ^aไพพรรณ อินทนิล
|
| 245 00 ^aการส่งเสริมการอ่าน = Better Reading
|
| 260 ^aชลบุรี:^bชลบุรีการพิมพ์,^c2546
|
| 300 164 หน้า :^bภาพประกอบ
|
| 650 0 ^aการส่งเสริมการอ่าน
|
| 945 ^p190^l0^i014008
|
| 945 ^p190^l0^i014009
|
| 945 ^p190^l0^i006655 |
| 999 ^aบรรณารักษ์
|
| คุณยังไม่ได้ล็อกอิน คุณสามารถมีกิจกรรมร่วมกับเว็บไซต์ได้ แต่ต้องล็อกอินก่อน :: |
|
|
|
| ลำดับที่ |
ประเภท |
เลขเรียก/บาร์โค้ด |
สถานที่ |
สถานะ |
| 1. |
 หนังสือ | Z 1003.5.T5 พ983 ฉ.1 Barcode: 014009 | หนังสือทั่วไป | บนชั้น ขอยืม |
| 2. |
 หนังสือ | Z 1003.5.T5 พ983 ฉ.2 Barcode: 006655 | หนังสือทั่วไป | บนชั้น ขอยืม |
| 3. |
 หนังสือ | Z 1003.5.T5 พ983 ฉ.3 Barcode: 014008 | หนังสือทั่วไป | บนชั้น ขอยืม |
|
ยังไม่เคยถูกคอมเมนท์
|
| คอมเมนท์ทรัพยากรรายการนี้ |
|